1956 1263 1791 1154 1836 1658 1953 1768 1596 1066 1013 1816 1717 1925 1165 1578 1254 1481 1920 1380 1654 1301 1660 1389 1607 1105 1259 1262 1429 1966 1227 1716 1385 1527 1832 1060 1947 1092 1430 1862 1939 1658 1887 1173 1106 1911 1681 1817 1824 1371 1251 1141 1792 1803 1717 1259 1632 1853 1837 1835 1164 1277 1371 1912 1437 1850 1713 1886 1225 1727 1353 1597 1903 1504 1476 1682 1083 1485 1052 1649 1678 1177 1490 1895 1752 1658 1607 1090 1705 1247 1932 1820 1888 1469 1701 1429 1618 1768 1669 BCNSPRNW ULIB Ver.6.0+V

เปลี่ยนเป็นภาษาไทย

Change to English
 แสดงรายละเอียดบรรณานุกรม
  กลับหน้าหลัก

Brief Record : Get Marc (ISO 2709) : E-mail record : QR code < ปิดหน้าต่าง
LEADER : 00000nam 2200000uu 4500
001    13399127408
003     ULIB
008    200519s2562||||th 000 0 tha d
020    ^a9786167380100
050 04 ^aPE1128^bก671ส
100 0  ^aกิตติ์ จิรติกุล
245 10 ^aสอบติดพิชิต TOEFL iTP /^bกิตติ์ จิรติกุล
260    ^aกรุงเทพฯ :^bบุ๊คเฟิสท์,^c2562
300    ^a286 หน้า :^bภาพประกอบ ;^c30 ซม. +^eซีดี-รอม 1 แผ่น
650  0 ^aEnglish language^xExaminations, questions, etc.
650  0 ^aEnglish language^xGrammar
650  0 ^aEnglish language^xUsage
650  0 ^aTest of English as a Foreign Language
650  4 ^aภาษาอังกฤษ^xข้อสอบและเฉลย
650  4 ^aภาษาอังกฤษ^xไวยากรณ์
650  4 ^aภาษาอังกฤษ^xการใช้ภาษา
650  4 ^aโทเฟล
653    ^aTOEFL
945    ^p399^l0^i007081
999    ^aประนอม เกษจรัล
รายการนี้ยังไม่มีแท็ก
คุณยังไม่ได้ล็อกอิน คุณสามารถมีกิจกรรมร่วมกับเว็บไซต์ได้ แต่ต้องล็อกอินก่อน ::
  ล็อกอิน

รายการสื่อสารสนเทศ

ลำดับที่ ประเภท เลขเรียก/บาร์โค้ด สถานที่ สถานะ
1. การศึกษาทั่วไป
หนังสือสำรอง
สถานะ=หนังสือสำรอง
PE1128 ก671ส ฉ.1 
  Barcode: 007081
ห้องสมุดวิทยาเขตสวรรค์ประชารักษ์
►หนังสือทั่วไป
ถูกยืม กำหนดส่งวันที่ 11 เมษายน 2568
  จอง

รายการใกล้เคียง
    ผู้แต่ง [กิตติ์ จิรติกุล]

    หัวเรื่อง [English language Grammar]
    หัวเรื่อง [Test of English as a Foreign Language]
    หัวเรื่อง [ภาษาอังกฤษ การใช้ภาษา]
    หัวเรื่อง [โทเฟล]

BibComment


ยังไม่เคยถูกคอมเมนท์

คอมเมนท์ทรัพยากรรายการนี้
  คอมเมนท์: สอบติดพิชิต TOEF..


 Copyright 2026. Bcnsprnw @Library